000 00374nam a2200169Ia 4500
001 1633
003 IN-NITTTR
005 20251114232918.0
008 251113s9999||||xx |||||||||||||| ||eng||
040 _beng
040 _cIN-NITTTR
041 _aeng
082 _a536 B285T
100 _aBarton, A. W.
245 2 _aA text book on heat /
_cBarton, A. W.
942 _2ddc
_cBK
999 _c2257
_d2257